Modelling and simulation of a fixed-bed reactor for the production of liquid fuel synthesis gas (Record no. 355497)

000 -LEADER
fixed length control field 00658namaa22002057a 4500
005 - DATE AND TIME OF LATEST TRANSACTION
control field 20230918155457.0
008 - FIXED-LENGTH DATA ELEMENTS--GENERAL INFORMATION
fixed length control field 141113b xxu||||| |||| 00| 0 eng d
041 ## - LANGUAGE CODE
Language code of text/sound track or separate title eng
082 ## - DEWEY DECIMAL CLASSIFICATION NUMBER
Classification number 660.2995
Author Mark YAS 2014
100 0# - MAIN ENTRY--PERSONAL NAME
Personal name Yasir Waheed
245 ## - TITLE STATEMENT
Title Modelling and simulation of a fixed-bed reactor for the production of liquid fuel synthesis gas
Statement of responsibility, etc. Yasir Waheed; supervised by Shahid Hussain Ansari.
300 ## - PHYSICAL DESCRIPTION
Extent vii, 82 pages.
Accompanying material +CD ROM.
520 ## - SUMMARY, ETC.
Summary, etc. TH-1
650 #0 - SUBJECT ADDED ENTRY--TOPICAL TERM
Topical term or geographic name entry element Fixed-bed Reactor
650 #0 - SUBJECT ADDED ENTRY--TOPICAL TERM
Topical term or geographic name entry element MS ESE Thesis
650 #0 - SUBJECT ADDED ENTRY--TOPICAL TERM
Topical term or geographic name entry element MS Thesis
700 1# - ADDED ENTRY--PERSONAL NAME
Personal name Ansari, Shahid Hussain
942 ## - ADDED ENTRY ELEMENTS (KOHA)
Koha item type Thesis
Source of classification or shelving scheme
502 ## - DISSERTATION NOTE
Dissertation note Thesis
Holdings
Withdrawn status Permanent Location Current Location Shelving location Date acquired Full call number Barcode Koha item type
  US-Pakistan Center for Advanced Studies in Energy (USPCAS-E) US-Pakistan Center for Advanced Studies in Energy (USPCAS-E) Reference 11/13/2014 660.2995 YAS 2014 CAS-ETH0000001 Thesis
© 2023 Central Library, National University of Sciences and Technology. All Rights Reserved.